[Event "TCh-FRA Top 12 2015"]
[Site "Montpellier FRA"]
[Date "2015.05.31"]
[Round "2.6"]
[Board "8"]
[White "Leriche, Ines"]
[Black "Collas, Silvia"]
[Result "0-1"]
[BlackTitle "IM"]
[WhiteElo "1990"]
[BlackElo "2306"]
[WhiteTeam "POITIERS-MIGNE"]
[BlackTeam "MONTPELLIER"]
[WhiteFideId "684090"]
[BlackFideId "2902265"]
[EventDate "2015.05.30"]

1. d4 Nf6 2. c4 c5 3. d5 b5 4. cxb5 a6 5. b6 g6 6. Nc3 Bg7 7. e4 d6 8. Be2 O-O
9. Nf3 Nbd7 10. a4 Qxb6 11. O-O Bb7 12. Nd2 Rfb8 13. Nc4 Qc7 14. a5 Bc8 15. f4
Rb4 16. Qc2 Rab8 17. Na4 e6 18. Bd2 R4b7 19. Ncb6 Ra7 20. Bc4 exd5 21. exd5 Ng4
22. h3 Bd4+ 23. Kh1 Nf2+ 24. Kh2 Nf6 25. Nxc8 Qxc8 26. Nb6 Qd8 27. g3 Re7 28.
Rae1 Rxe1 29. Rxe1 Qf8 30. Bc3 Qh6 31. Bxd4 Qxh3+ 32. Kg1 Qxg3+ 33. Kf1 Qh3+ 34.
Kg1 Qh1+ 35. Kxf2 Qh2+ 36. Kf3 Qxc2 37. Bxf6 Qf5 38. Be7 Re8 39. Re3 Qh3+ 40.
Ke2 Qg4+ 41. Kd3 Qd1+ 42. Kc3 Qd4+ 43. Kc2 Qxe3 44. Bxd6 Qf2+ 45. Kb3 Re3+ 46.
Ka2 Qe1 47. Bc7 Qxa5+ 0-1

[Event "TCh-FRA Top 12 2015"]
[Site "Montpellier FRA"]
[Date "2015.06.01"]
[Round "3.1"]
[Board "1"]
[White "Krasenkow, Michal"]
[Black "Donchenko, Alexander"]
[Result "1/2-1/2"]
[WhiteTitle "GM"]
[BlackTitle "IM"]
[WhiteElo "2610"]
[BlackElo "2570"]
[WhiteTeam "L'ECHIQUIER CHALONNAIS"]
[BlackTeam "VANDOEUVRE-ECHECS"]
[WhiteFideId "1113100"]
[BlackFideId "24603295"]
[EventDate "2015.05.30"]

1. d4 Nf6 2. c4 e6 3. Nf3 Bb4+ 4. Nbd2 O-O 5. a3 Be7 6. b4 a5 7. b5 c5 8. bxc6
bxc6 9. e4 d5 10. e5 Nfd7 11. Bd3 c5 12. Qc2 h6 13. O-O Ba6 14. Re1 cxd4 15.
Bh7+ Kh8 16. cxd5 d3 17. Bxd3 Bxd3 18. Qxd3 Nc5 19. Qe2 Qxd5 20. Nc4 Nd3 21. Nb6
Qb7 22. Qxd3 Qxb6 23. Be3 Qa6 24. Qe4 Nd7 25. Rec1 Rac8 26. a4 Nb6 27. h3 Nd5
28. Kh2 Nc3 29. Qg4 Rc4 30. Qh5 Nd5 31. Rxc4 Qxc4 32. Bd2 Bb4 33. Bxh6 gxh6 34.
Qxh6+ Kg8 35. Qg5+ 1/2-1/2

[Event "TCh-FRA Top 12 2015"]
[Site "Montpellier FRA"]
[Date "2015.06.01"]
[Round "3.1"]
[Board "2"]
[White "Solodovnichenko, Yuri"]
[Black "Salgado Lopez, Ivan"]
[Result "1/2-1/2"]
[WhiteTitle "GM"]
[BlackTitle "GM"]
[WhiteElo "2592"]
[BlackElo "2616"]
[WhiteTeam "VANDOEUVRE-ECHECS"]
[BlackTeam "L'ECHIQUIER CHALONNAIS"]
[WhiteFideId "14104369"]
[BlackFideId "2257327"]
[EventDate "2015.05.30"]

1. e4 e5 2. Nf3 Nc6 3. Bb5 Nf6 4. O-O Nxe4 5. d4 Nd6 6. Bg5 Be7 7. Bxe7 Qxe7 8.
Bxc6 dxc6 9. dxe5 Nf5 10. Qd2 O-O 11. Nc3 Nh4 12. Nxh4 Qxh4 13. f4 Bf5 14. Nd1
Rad8 15. Qc3 Qe7 16. Ne3 Bc8 17. f5 Rde8 18. Ng4 Qg5 19. Ne3 Qe7 20. Ng4 Qg5 21.
Ne3 Qe7 1/2-1/2

[Event "TCh-FRA Top 12 2015"]
[Site "Montpellier FRA"]
[Date "2015.06.01"]
[Round "3.1"]
[Board "3"]
[White "Sokolov, Ivan"]
[Black "Hamitevici, Vladimir"]
[Result "1-0"]
[WhiteTitle "GM"]
[BlackTitle "IM"]
[WhiteElo "2623"]
[BlackElo "2429"]
[WhiteTeam "L'ECHIQUIER CHALONNAIS"]
[BlackTeam "VANDOEUVRE-ECHECS"]
[WhiteFideId "14400030"]
[BlackFideId "13902393"]
[EventDate "2015.05.30"]

1. d4 Nf6 2. c4 c5 3. d5 b5 4. Qc2 b4 5. e4 d6 6. h3 g6 7. Bg5 Bg7 8. Nd2 a5 9.
Bd3 h6 10. Be3 g5 11. Ne2 Nbd7 12. Ng3 Ne5 13. Be2 e6 14. O-O Ng6 15. dxe6 fxe6
16. Nh5 O-O 17. Nxg7 Kxg7 18. e5 Nxe5 19. f4 gxf4 20. Rxf4 Bb7 21. Raf1 Qe7 22.
R4f2 Nfd7 23. Bf4 Ng6 24. Ne4 Bxe4 25. Qxe4 Nde5 26. g3 Rad8 27. Bd1 Rf5 28. Bc2
Nxf4 29. gxf4 Nf7 30. Qg2+ Kh8 31. Bxf5 exf5 32. Re2 Qf6 33. Rfe1 Kh7 34. Re8 1-0

[Event "TCh-FRA Top 12 2015"]
[Site "Montpellier FRA"]
[Date "2015.06.01"]
[Round "3.1"]
[Board "4"]
[White "Brunner, Nicolas"]
[Black "Velten, Paul"]
[Result "1/2-1/2"]
[WhiteTitle "IM"]
[BlackTitle "IM"]
[WhiteElo "2432"]
[BlackElo "2457"]
[WhiteTeam "VANDOEUVRE-ECHECS"]
[BlackTeam "L'ECHIQUIER CHALONNAIS"]
[WhiteFideId "620246"]
[BlackFideId "681091"]
[EventDate "2015.05.30"]

1. d4 Nf6 2. c4 e6 3. Nc3 Bb4 4. Nf3 b6 5. e3 Bb7 6. Bd3 O-O 7. O-O Bxc3 8. bxc3
d6 9. Nd2 e5 10. e4 Nc6 11. Bb2 Re8 12. Re1 Qd7 13. f3 Na5 14. Nf1 Ba6 15. Ne3
Rab8 16. Rb1 Qc6 17. Qe2 Qa4 18. Bc1 Qd7 19. Qf2 Nh5 20. g3 Re6 21. Kh1 Rbe8 22.
Rg1 Rg6 23. Qf1 c6 24. Nf5 c5 25. d5 Qa4 26. Qh3 Nf6 27. Nxd6 Ng4 28. Rb2 Rxd6
29. Qxg4 Nxc4 30. Rf2 Rg6 31. Qh3 Nd6 32. Bb1 Bc8 33. Qf1 f5 34. exf5 Bxf5 35.
Bxf5 Nxf5 36. Qh3 Nd6 37. Re1 Qc4 38. Qd7 Qxd5 39. Kg1 Qf7 40. Qa4 Rf6 41. Rd2
h6 42. Qd1 Ree6 43. Rd5 Qe7 44. Qe2 Nf7 45. c4 Rd6 46. f4 Rfe6 47. Rxd6 Qxd6 48.
Bb2 e4 49. Qg4 Rg6 50. Qf5 Qe6 51. Qxe4 Qxe4 52. Rxe4 Nd6 53. Re7 Nxc4 54. Bc3
a5 55. a4 Nd6 56. Be5 Kf8 57. Ra7 Ne8 58. Kf2 Rc6 59. Ke3 h5 60. f5 Nf6 61. Kd2
c4 62. Kc2 Kg8 63. Rb7 c3 64. Rc7 Rxc7 65. Bxc7 Nd5 66. Be5 Kf7 67. Bxc3 Ne3+
68. Kd3 Nxf5 69. Kc4 h4 70. gxh4 Nxh4 71. Bd4 Nf3 72. Bxb6 Nxh2 73. Bxa5 Ke6 74.
Bc7 Kd7 75. Bxh2 Kc6 76. a5 Kb7 77. Kb5 1/2-1/2

[Event "TCh-FRA Top 12 2015"]
[Site "Montpellier FRA"]
[Date "2015.06.01"]
[Round "3.1"]
[Board "5"]
[White "Cossin, Sebastien"]
[Black "Bailet, Pierre"]
[Result "1-0"]
[WhiteTitle "IM"]
[BlackTitle "IM"]
[WhiteElo "2516"]
[BlackElo "2519"]
[WhiteTeam "L'ECHIQUIER CHALONNAIS"]
[BlackTeam "VANDOEUVRE-ECHECS"]
[WhiteFideId "618802"]
[BlackFideId "655830"]
[EventDate "2015.05.30"]

1. d4 d5 2. Nf3 Nf6 3. c4 c6 4. Nc3 dxc4 5. a4 Bf5 6. e3 e6 7. Bxc4 Bb4 8. O-O
Nbd7 9. Qe2 Bg6 10. e4 O-O 11. Bd3 Bh5 12. Bf4 e5 13. dxe5 Ng4 14. Qc2 Qe7 15.
Be2 Bg6 16. Bg3 Bxc3 17. bxc3 Ngxe5 18. Nxe5 Nxe5 19. f4 Nc4 20. f5 Ne3 21. Qd3
Nxf1 22. Rxf1 Bxf5 23. Rxf5 Rfd8 24. Qf3 Qe6 25. h4 Rd2 26. Kh2 Rad8 27. Rc5 Qe7
28. Rg5 h6 29. Rg4 Kh8 30. e5 Rc2 31. Bc4 Rdd2 32. Qxf7 Rxg2+ 33. Kh3 Qxf7 34.
Bxf7 Rg1 35. Rg6 h5 36. Bf4 Rf1 37. e6 Rxf4 38. e7 Rxc3+ 39. Kg2 Re4 40. Re6
Rg4+ 41. Kf2 Rc2+ 42. Kf3 Rc3+ 43. Ke2 1-0

[Event "TCh-FRA Top 12 2015"]
[Site "Montpellier FRA"]
[Date "2015.06.01"]
[Round "3.1"]
[Board "6"]
[White "Philippe, Christophe"]
[Black "Favarel, Antoine"]
[Result "1-0"]
[WhiteTitle "IM"]
[BlackTitle "FM"]
[WhiteElo "2375"]
[BlackElo "2374"]
[WhiteTeam "VANDOEUVRE-ECHECS"]
[BlackTeam "L'ECHIQUIER CHALONNAIS"]
[WhiteFideId "610038"]
[BlackFideId "642371"]
[EventDate "2015.05.30"]

1. e4 c5 2. Nf3 Nc6 3. Nc3 g6 4. d4 cxd4 5. Nxd4 Bg7 6. Be3 Nf6 7. Bc4 Qa5 8.
O-O O-O 9. Bb3 d6 10. h3 Bd7 11. Re1 Rfc8 12. Qe2 Qa6 13. Ndb5 Na5 14. f3 b6 15.
Bxf7+ Kh8 16. a4 Qb7 17. Ba2 Nc6 18. Rad1 a6 19. Nd4 b5 20. Ne6 bxa4 21. Nxa4
Nb4 22. Bb3 Bxe6 23. Bxe6 Rxc2 24. Rd2 Rc7 25. Bd4 Qb5 26. Qd1 Nc6 27. Bc3 Rf8
28. b3 Bh6 29. Rd5 Qb8 30. Rd3 Bf4 31. Bd2 Qa7+ 32. Kh1 Nh5 33. Bc3+ Ne5 34. Bd4
Ng3+ 35. Kg1 Qb7 36. Rc3 h6 37. Rxc7 Qxc7 38. Nb6 Qc1 39. Qxc1 Bxc1 40. Nd7 Bd2
41. Nxe5 Kh7 42. Nd7 Re8 43. Kf2 Bxe1+ 44. Kxe1 Nh5 45. Kf2 Nf4 46. Bc4 Rd8 47.
Nb6 e5 48. Bc3 Rb8 49. Ba5 Rb7 50. h4 g5 51. hxg5 hxg5 52. g3 Nh5 53. Nc8 Nf6
54. Nxd6 Ra7 55. Nf7 g4 56. Nxe5 gxf3 57. Kxf3 Ne8 58. Nc6 Rg7 59. e5 Nc7 60. e6
Ne8 61. Bxa6 Nd6 62. Bb4 Nf5 63. g4 Nh4+ 64. Kg3 Nf5+ 65. Kf4 Nh6 66. g5 1-0

[Event "TCh-FRA Top 12 2015"]
[Site "Montpellier FRA"]
[Date "2015.06.01"]
[Round "3.1"]
[Board "7"]
[White "Dourerassou, Jonathan"]
[Black "Le Corre, Benjamin"]
[Result "1/2-1/2"]
[WhiteTitle "IM"]
[BlackTitle "FM"]
[WhiteElo "2414"]
[BlackElo "2307"]
[WhiteTeam "L'ECHIQUIER CHALONNAIS"]
[BlackTeam "VANDOEUVRE-ECHECS"]
[WhiteFideId "628050"]
[BlackFideId "639605"]
[EventDate "2015.05.30"]

1. e4 c5 2. Nf3 Nc6 3. Bb5 Qc7 4. c3 e5 5. O-O a6 6. Ba4 b5 7. Bc2 Nf6 8. d4 d6
9. a4 Rb8 10. axb5 axb5 11. d5 Ne7 12. b4 Ng6 13. Ra5 Be7 14. Na3 Bd7 15. Qe2 c4
16. Be3 O-O 17. Ra1 Ng4 18. Nb1 Nxe3 19. Qxe3 Rb7 20. Nbd2 Rfb8 21. Nf1 Bd8 22.
Ra6 Qc8 23. Rxd6 Bb6 24. Qd2 f6 25. Ne3 Qf8 26. Nf5 Ne7 27. g3 Nxf5 28. Rxb6 Nh4
29. Nxh4 Rxb6 30. Qe3 Qc8 31. f4 Ra6 32. Rd1 Ra2 33. Rd2 Rba8 34. Nf3 Ra1+ 35.
Bd1 Bg4 36. Kg2 Qd7 37. fxe5 Bxf3+ 38. Bxf3 fxe5 39. Qe2 Qd6 40. Bg4 Rf8 41.
Be6+ Kh8 42. Qh5 Rc1 43. Bf5 g6 44. Qh6 Qf6 45. Ra2 gxf5 46. Qxc1 fxe4 47. Qd1
e3 48. h3 Qf5 49. Re2 Qe4+ 50. Kh2 Qd3 51. Qe1 Rf3 52. d6 e4 53. d7 Kg7 54. d8=Q
Qxd8 55. Rxe3 Rxe3 56. Qxe3 Qd5 57. Qf4 Kg8 58. h4 Kg7 59. Kh3 Kg6 60. Qe3 h5
61. Qb6+ Kg7 62. Qc7+ Kf6 63. Kh2 Qd2+ 64. Kh3 Qd5 65. Kh2 Qd2+ 66. Kh3 Qxc3 67.
Qc6+ Kg7 68. Qd7+ Kg6 69. Qe8+ Kh6 70. Qe6+ Kg7 71. Qe7+ Kg8 72. Qe8+ Kg7 73.
Qe7+ Kg8 74. Qe8+ Kg7 1/2-1/2

[Event "TCh-FRA Top 12 2015"]
[Site "Montpellier FRA"]
[Date "2015.06.01"]
[Round "3.1"]
[Board "8"]
[White "Steil-Antoni, Fiona"]
[Black "De Seroux, Camille"]
[Result "1-0"]
[WhiteTitle "WIM"]
[BlackTitle "WFM"]
[WhiteElo "2094"]
[BlackElo "2115"]
[WhiteTeam "VANDOEUVRE-ECHECS"]
[BlackTeam "L'ECHIQUIER CHALONNAIS"]
[WhiteFideId "4001249"]
[BlackFideId "1305620"]
[EventDate "2015.05.30"]

1. e4 c5 2. c3 Nf6 3. e5 Nd5 4. d4 cxd4 5. Qxd4 e6 6. Bd3 Nc6 7. Qe4 Qc7 8. Nf3
d6 9. exd6 Bxd6 10. O-O Nce7 11. Re1 Bd7 12. Na3 Bxa3 13. bxa3 Nf6 14. Qd4 Rd8
15. Ne5 Nc6 16. Qc5 b6 17. Qc4 Qxe5 18. Rxe5 Nxe5 19. Qa6 Nxd3 20. Bg5 b5 21.
Qxa7 O-O 22. Qd4 Bc6 23. Qh4 Ne5 24. Bxf6 gxf6 25. Qxf6 Rd5 26. h4 Rfd8 27. f3
Ng6 28. h5 Nf8 29. h6 Rd1+ 30. Rxd1 Rxd1+ 31. Kh2 1-0

[Event "TCh-FRA Top 12 2015"]
[Site "Montpellier FRA"]
[Date "2015.06.01"]
[Round "3.2"]
[Board "1"]
[White "So, Wesley"]
[Black "Vazquez Igarza, Renier"]
[Result "1-0"]
[WhiteTitle "GM"]
[BlackTitle "GM"]
[WhiteElo "2778"]
[BlackElo "2606"]
[WhiteTeam "CLICHY-ECHECS-92"]
[BlackTeam "MONTPELLIER"]
[WhiteFideId "5202213"]
[BlackFideId "3503054"]
[EventDate "2015.05.30"]

1. e4 e5 2. Nf3 Nf6 3. Nxe5 d6 4. Nf3 Nxe4 5. d4 d5 6. Bd3 Bd6 7. O-O O-O 8. c4
c6 9. Re1 Bf5 10. Qc2 Nd7 11. Nc3 Ndf6 12. Ne5 Bg6 13. Nxg6 Bxh2+ 14. Kxh2 Ng4+
15. Kg1 fxg6 16. Bxe4 Qh4 17. Bf3 Qh2+ 18. Kf1 Rae8 19. Rxe8 Rxe8 20. Ne4 Qh1+
21. Ke2 Qg1 22. cxd5 cxd5 23. Bxg4 Rxe4+ 24. Kf3 h5 25. Be6+ Kh7 26. Qc8 1-0

[Event "TCh-FRA Top 12 2015"]
[Site "Montpellier FRA"]
[Date "2015.06.01"]
[Round "3.2"]
[Board "2"]
[White "Smith, Axel"]
[Black "Matlakov, Maxim"]
[Result "1/2-1/2"]
[WhiteTitle "IM"]
[BlackTitle "GM"]
[WhiteElo "2454"]
[BlackElo "2694"]
[WhiteTeam "MONTPELLIER"]
[BlackTeam "CLICHY-ECHECS-92"]
[WhiteFideId "1707930"]
[BlackFideId "4168003"]
[EventDate "2015.05.30"]

1. d4 Nf6 2. c4 e6 3. Nf3 d5 4. g3 Bb4+ 5. Bd2 Be7 6. Bg2 c6 7. Qc2 O-O 8. O-O
Nbd7 9. Bf4 b6 10. Rd1 Bb7 11. Ne5 Nh5 12. Bc1 Nhf6 13. Bf4 Nh5 14. Bc1 Nhf6 1/2-1/2

[Event "TCh-FRA Top 12 2015"]
[Site "Montpellier FRA"]
[Date "2015.06.01"]
[Round "3.2"]
[Board "3"]
[White "Fressinet, Laurent"]
[Black "Brochet, Philippe"]
[Result "1/2-1/2"]
[WhiteTitle "GM"]
[BlackTitle "IM"]
[WhiteElo "2712"]
[BlackElo "2382"]
[WhiteTeam "CLICHY-ECHECS-92"]
[BlackTeam "MONTPELLIER"]
[WhiteFideId "608742"]
[BlackFideId "602469"]
[EventDate "2015.05.30"]

1. d4 d5 2. Nf3 Bf5 3. c4 e6 4. Nc3 c6 5. g3 Nf6 6. Qb3 Qb6 7. c5 Qxb3 8. axb3
Nbd7 9. b4 a6 10. Nh4 Rc8 11. Nxf5 exf5 12. f3 g6 13. g4 fxg4 14. e4 gxf3 15.
exd5 Nxd5 16. Nxd5 cxd5 17. Ra3 Bg7 18. Re3+ 1/2-1/2

[Event "TCh-FRA Top 12 2015"]
[Site "Montpellier FRA"]
[Date "2015.06.01"]
[Round "3.2"]
[Board "4"]
[White "Touzane, Olivier"]
[Black "Tregubov, Pavel V."]
[Result "0-1"]
[WhiteTitle "IM"]
[BlackTitle "GM"]
[WhiteElo "2339"]
[BlackElo "2571"]
[WhiteTeam "MONTPELLIER"]
[BlackTeam "CLICHY-ECHECS-92"]
[WhiteFideId "602906"]
[BlackFideId "4115341"]
[EventDate "2015.05.30"]

1. g3 d5 2. Bg2 c6 3. d3 Nf6 4. Nd2 e5 5. e4 Bd6 6. Ngf3 O-O 7. O-O Re8 8. a4 a5
9. b3 Na6 10. Bb2 Nb4 11. Re1 d4 12. h3 Ra6 13. Nc4 Bc7 14. Na3 Bd7 15. Kh2 b5
16. c3 dxc3 17. Bxc3 bxa4 18. Nc4 c5 19. bxa4 Rae6 20. Qe2 Bc8 21. Red1 Ba6 22.
Bf1 Nd7 23. Qb2 f6 24. Qb3 Kh8 25. h4 Nf8 26. Be2 R6e7 27. h5 Ne6 28. Kg2 Nc6
29. Ne3 Ncd4 30. Bxd4 Nxd4 31. Nxd4 exd4 32. Nf5 Rd7 33. Bf3 Be5 34. Rac1 Rb7
35. Qa2 Qc7 36. Nh4 c4 37. dxc4 Qc5 38. Be2 d3 39. Rd2 dxe2 40. Rxe2 Rb4 41. Qd2
Rxc4 42. Rh1 Rd4 43. Qe1 Bxe2 44. Qxe2 Qc4 45. Qg4 Rxe4 46. Qd7 Qe6 47. Ng6+ Kg8
48. Qb7 Rb4 0-1

[Event "TCh-FRA Top 12 2015"]
[Site "Montpellier FRA"]
[Date "2015.06.01"]
[Round "3.2"]
[Board "5"]
[White "Lagarde, Maxime"]
[Black "Boyd, Stephen"]
[Result "1/2-1/2"]
[WhiteTitle "GM"]
[BlackTitle "FM"]
[WhiteElo "2565"]
[BlackElo "2273"]
[WhiteTeam "CLICHY-ECHECS-92"]
[BlackTeam "MONTPELLIER"]
[WhiteFideId "662399"]
[BlackFideId "616672"]
[EventDate "2015.05.30"]

1. c4 e5 2. g3 c6 3. d4 Bb4+ 4. Bd2 Bxd2+ 5. Qxd2 d6 6. Nc3 Nf6 7. Bg2 O-O 8. e3
exd4 9. Qxd4 Qb6 10. O-O-O Be6 11. Nh3 Na6 12. Qxb6 axb6 13. b3 Rfd8 14. Kb2 Kf8
15. Nf4 Ke7 16. Rd2 Nc5 17. Rhd1 Ng4 18. h3 Ne5 19. Nxe6 fxe6 20. f4 Nf7 21. Ne4
Nxe4 22. Bxe4 h6 23. Bg6 Nh8 24. Bh5 g6 25. Bf3 Nf7 26. h4 Rg8 27. Be4 h5 28. b4
Rad8 29. Bc2 Nh6 30. Rd3 Ng4 31. R1d2 Nf6 32. Rb3 d5 33. cxd5 exd5 34. Ra3 Ne4
35. Rg2 Kf6 36. g4 hxg4 37. Rxg4 Rde8 38. Kc1 Nd6 39. Ra7 Rxe3 40. h5 Re7 41.
Rxg6+ Rxg6 42. Bxg6 c5 43. bxc5 bxc5 44. Ra8 Ne4 45. Rg8 Ke6 46. h6 Nf6 47. f5+
Kd6 48. Rf8 Nh7 49. Rf7 Rxf7 50. Bxf7 b5 51. Bg8 Nf6 52. h7 Nxh7 53. Bxh7 Ke5
54. Bg8 Kxf5 55. Bxd5 Ke5 56. Bc6 b4 57. Kb2 c4 58. Bb5 Kd4 59. Ba6 Kd3 60. Bb5
Kd4 61. Ba6 Ke5 1/2-1/2

[Event "TCh-FRA Top 12 2015"]
[Site "Montpellier FRA"]
[Date "2015.06.01"]
[Round "3.2"]
[Board "6"]
[White "Bertrand, Frederic"]
[Black "Hamdouchi, Hicham"]
[Result "0-1"]
[WhiteTitle "FM"]
[BlackTitle "GM"]
[WhiteElo "2271"]
[BlackElo "2608"]
[WhiteTeam "MONTPELLIER"]
[BlackTeam "CLICHY-ECHECS-92"]
[WhiteFideId "608190"]
[BlackFideId "9000011"]
[EventDate "2015.05.30"]

1. d4 Nf6 2. c4 g6 3. Nf3 Bg7 4. g3 O-O 5. Nc3 d5 6. cxd5 Nxd5 7. Bg2 Nb6 8. O-O
Nc6 9. d5 Na5 10. e4 c6 11. Nd4 cxd5 12. exd5 e5 13. Nb3 Nac4 14. Qe2 Re8 15.
Rd1 Nd6 16. Ne4 Nf5 17. Qd3 h6 18. Bd2 Nd4 19. Nxd4 exd4 20. Ba5 Bf5 21. Bxb6
axb6 22. h3 h5 23. Re1 Qxd5 24. g4 hxg4 25. hxg4 Bxe4 26. Rxe4 Qd7 27. Rxe8+
Rxe8 28. Bf3 Qc7 29. Kg2 Qf4 30. Qb5 Re6 31. Qd7 Bf8 32. Rd1 Rd6 33. Qxb7 d3 34.
Qe4 Qxe4 35. Bxe4 d2 36. Kf3 Bh6 37. Bc2 Rd4 38. Bb3 Kg7 39. Kg3 Bf4+ 40. Kf3
Bg5 41. Kg3 Kf6 42. Kf3 Ke5 43. Kg3 Rd3+ 44. f3 Rd7 45. Rf1 Be3 46. Rd1 f5 47.
Bc2 Rc7 48. Bb3 f4+ 49. Kg2 Kd4 50. Kf1 Kd3 51. Ba4 Ra7 52. Be8 Kc2 53. Ke2 g5
54. a4 Kxb2 55. Rh1 Rc7 56. Bb5 Rc1 57. Rd1 Kc2 58. Bd3+ Kb3 59. Bb5 Kb4 60. Bd7
Rc7 61. Bb5 Kc3 62. Rh1 Re7 63. Kd1 Bf2 64. Be2 Bh4 65. Rh2 b5 66. axb5 Ra7 0-1

[Event "TCh-FRA Top 12 2015"]
[Site "Montpellier FRA"]
[Date "2015.06.01"]
[Round "3.2"]
[Board "7"]
[White "Delorme, Axel"]
[Black "Grollemund, Bertrand"]
[Result "1-0"]
[WhiteTitle "IM"]
[WhiteElo "2497"]
[BlackElo "2116"]
[WhiteTeam "CLICHY-ECHECS-92"]
[BlackTeam "MONTPELLIER"]
[WhiteFideId "632023"]
[BlackFideId "619523"]
[EventDate "2015.05.30"]

1. d4 Nf6 2. c4 g6 3. g3 Bg7 4. Bg2 d5 5. cxd5 Nxd5 6. e4 Nb6 7. Ne2 O-O 8. O-O
Bg4 9. f3 Be6 10. Nbc3 Bc4 11. Be3 Nc6 12. b3 Ba6 13. f4 e6 14. a3 Qe7 15. b4
Bc4 16. Qc2 Rfd8 17. Rfd1 Rd7 18. Bf2 Qd8 19. e5 Bxe2 20. Nxe2 Nd5 21. Nc1 Nce7
22. Nd3 b6 23. g4 a5 24. Qd2 axb4 25. axb4 Rxa1 26. Rxa1 Nc6 27. b5 Na5 28. Rb1
Bf8 29. f5 Qe7 30. Bxd5 Rxd5 31. Nf4 Rd7 32. fxe6 fxe6 33. Qa2 Qf7 34. Qxe6 Nc4
35. Ra1 Qxe6 36. Nxe6 Ba3 37. Ra2 Bb2 38. Ra8+ Kf7 39. Nd8+ Kg7 40. Nc6 Na5 41.
e6 1-0

[Event "TCh-FRA Top 12 2015"]
[Site "Montpellier FRA"]
[Date "2015.06.01"]
[Round "3.2"]
[Board "8"]
[White "Thuret, Marine"]
[Black "Skripchenko, Almira"]
[Result "0-1"]
[BlackTitle "IM"]
[WhiteElo "1925"]
[BlackElo "2421"]
[WhiteTeam "MONTPELLIER"]
[BlackTeam "CLICHY-ECHECS-92"]
[WhiteFideId "608122"]
[BlackFideId "13900145"]
[EventDate "2015.05.30"]

1. e4 e6 2. d3 d5 3. Nd2 Nf6 4. Ngf3 g6 5. g3 Bg7 6. Bg2 c5 7. O-O Nc6 8. Re1
O-O 9. h4 b6 10. exd5 Nxd5 11. Nc4 Qc7 12. a4 Bd7 13. Qe2 f6 14. Ne3 Nde7 15. h5
e5 16. Bd2 Rae8 17. Bc3 Be6 18. Nd2 Qd7 19. Ndc4 Nd4 20. Qd1 Nec6 21. hxg6 hxg6
22. Bd2 Rd8 23. g4 Bf7 24. f3 Rfe8 25. Bh3 Qc7 26. Bg2 Re7 27. Rc1 Red7 28. Bc3
Ne6 29. Qe2 Nf4 30. Qf2 Nd4 31. b3 Nde6 32. Bd2 Ng5 33. Kh2 e4 34. Qg3 Nxg2 35.
Kxg2 Nxf3 0-1

[Event "TCh-FRA Top 12 2015"]
[Site "Montpellier FRA"]
[Date "2015.06.01"]
[Round "3.3"]
[Board "1"]
[White "Demuth, Adrien"]
[Black "Riazantsev, Alexander"]
[Result "1/2-1/2"]
[WhiteTitle "IM"]
[BlackTitle "GM"]
[WhiteElo "2515"]
[BlackElo "2671"]
[WhiteTeam "POITIERS-MIGNE"]
[BlackTeam "METZ FISCHER"]
[WhiteFideId "642274"]
[BlackFideId "4125029"]
[EventDate "2015.05.30"]

1. d4 g6 2. c4 Bg7 3. Nc3 c5 4. d5 d6 5. e4 e6 6. Bd3 Ne7 7. h4 Nd7 8. h5 Ne5 9.
Nf3 Nxd3+ 10. Qxd3 exd5 11. cxd5 h6 12. hxg6 Nxg6 13. Be3 a6 14. O-O-O b5 15. e5
Bxe5 16. Rxh6 1/2-1/2

[Event "TCh-FRA Top 12 2015"]
[Site "Montpellier FRA"]
[Date "2015.06.01"]
[Round "3.3"]
[Board "2"]
[White "Iordachescu, Viorel"]
[Black "Bedouin, Xavier"]
[Result "1/2-1/2"]
[WhiteTitle "GM"]
[BlackTitle "IM"]
[WhiteElo "2588"]
[BlackElo "2336"]
[WhiteTeam "METZ FISCHER"]
[BlackTeam "POITIERS-MIGNE"]
[WhiteFideId "13900200"]
[BlackFideId "617040"]
[EventDate "2015.05.30"]

1. e4 c5 2. Nf3 Nc6 3. Bb5 e6 4. O-O Nge7 5. Re1 a6 6. Bxc6 Nxc6 7. d4 cxd4 8.
Nxd4 d6 9. Nc3 Be7 10. Nxc6 bxc6 11. Qg4 Kf8 12. Bd2 h5 13. Qf3 g6 14. Na4 Kg7
15. c4 Rb8 16. c5 d5 17. b4 e5 18. exd5 Qxd5 19. Qe3 Bf6 20. Bc3 Bf5 21. Nb6 Qe6
22. Bxe5 Bxe5 23. Qxe5+ Qxe5 24. Rxe5 Rhd8 25. a3 Be6 26. Ree1 Rd2 27. Red1 Rbd8
28. Rxd2 Rxd2 29. h3 h4 30. Na8 g5 31. Nc7 Bc4 32. Rc1 Bd3 33. Ne8+ Kg6 34. Nd6
f5 35. Re1 g4 36. Re6+ Kg5 37. Nf7+ Kf4 38. hxg4 fxg4 39. Rf6+ Bf5 40. g3+ hxg3
41. fxg3+ Kxg3 42. Rxf5 Rd1+ 43. Rf1 Rd2 1/2-1/2

[Event "TCh-FRA Top 12 2015"]
[Site "Montpellier FRA"]
[Date "2015.06.01"]
[Round "3.3"]
[Board "3"]
[White "Saada, Julien"]
[Black "Postny, Evgeny"]
[Result "0-1"]
[WhiteTitle "FM"]
[BlackTitle "GM"]
[WhiteElo "2296"]
[BlackElo "2630"]
[WhiteTeam "POITIERS-MIGNE"]
[BlackTeam "METZ FISCHER"]
[WhiteFideId "625388"]
[BlackFideId "2804344"]
[EventDate "2015.05.30"]

1. d4 d5 2. c4 c6 3. Nf3 Nf6 4. e3 a6 5. Bd3 Bg4 6. Qb3 Bxf3 7. gxf3 Qc7 8. Nc3
e6 9. Bd2 Be7 10. Rc1 dxc4 11. Bxc4 Nbd7 12. Ne4 O-O 13. Nxf6+ Nxf6 14. Bb4 Rad8
15. Bxe7 Qxe7 16. Be2 Nd5 17. f4 Kh8 18. Bf3 f6 19. Rc5 e5 20. Bxd5 exd4 21. Qc4
dxe3 22. Bf3 Rd2 23. O-O Rfd8 24. Kg2 R8d4 25. Qc1 Rxf4 26. Rc2 Qd7 27. Rxd2
exd2 28. Qc5 Kg8 29. Bd1 g6 30. Qe3 Rd4 31. Qh6 c5 32. Qh3 f5 33. Qe3 Qd6 34.
Qb3+ Kg7 35. Qxb7+ Kh6 36. Qf3 Rd3 37. Qe2 c4 38. Bc2 Rd4 39. h3 Kg7 40. Rd1 h5
41. Qe3 Kh7 42. Kf1 f4 43. Qf3 Kh6 44. Kg2 Qd7 45. Kh2 Qd6 46. Rg1 g5 47. Qb7
f3+ 48. Kh1 g4 49. Qh7+ Kg5 50. Qf5+ Kh4 51. Bd1 Rf4 52. Qh7 Qe6 53. Qc7 Qf6 54.
hxg4 hxg4 55. Qh7+ Kg5 56. Qg8+ Qg6 57. Qd5+ Qf5 58. Qg8+ Qg6 59. Qd8+ Qf6 60.
Qg8+ Qg6 61. Qxg6+ Kxg6 62. Kh2 Kg5 63. Kg3 Re4 64. Kh2 Re1 65. Ba4 Kf4 66. Bd1
Re2 0-1

[Event "TCh-FRA Top 12 2015"]
[Site "Montpellier FRA"]
[Date "2015.06.01"]
[Round "3.3"]
[Board "4"]
[White "Wirig, Anthony"]
[Black "Pel, Bonno"]
[Result "1-0"]
[WhiteTitle "GM"]
[BlackTitle "FM"]
[WhiteElo "2496"]
[BlackElo "2287"]
[WhiteTeam "METZ FISCHER"]
[BlackTeam "POITIERS-MIGNE"]
[WhiteFideId "615013"]
[BlackFideId "1004760"]
[EventDate "2015.05.30"]

1. e4 d6 2. d4 g6 3. Nc3 Bg7 4. f4 Nf6 5. Nf3 O-O 6. e5 Nfd7 7. Bc4 c5 8. e6 Nb6
9. exf7+ Kh8 10. h4 Nxc4 11. h5 Rxf7 12. hxg6 Rf6 13. Ng5 h6 14. Nf7+ Rxf7 15.
gxf7 Bf5 16. g4 cxd4 17. gxf5 dxc3 18. Qh5 cxb2 19. Bxb2 Nxb2 20. Qg6 Qf8 21.
Kf2 Nd7 22. Rxh6+ Bxh6 23. Rh1 Nf6 24. Rxh6+ Qxh6 25. Qxh6+ Nh7 26. Qe6 Na4 27.
Qxe7 Nc5 28. Qe8+ 1-0